| 000 | 00677cab a2200205 4500 | ||
|---|---|---|---|
| 001 | WB3413-47 | ||
| 008 | 090401t1998 xxu||||| |||| 00| 0 eng d | ||
| 035 | _a(Sirsi) u85344 | ||
| 041 | _aeng | ||
| 245 | _aDiscouraging pesticides | ||
| 260 | _c1998 | ||
| 350 | _a0 | ||
| 490 |
_aMAFF News Release _v(121/98) 26 March 1998, (3) |
||
| 520 | _aThe revised MAFF "Code of practice for the safe use of pesticides on farms and holdings" known as the `Green Code` asks users to consider whether pesticides are needed and assess potential harm. | ||
| 650 |
_aHEALTH AND SAFETY _96244 |
||
| 650 | _aPESTICIDES | ||
| 690 | _aRURAL PRACTICE | ||
| 942 | _n0 | ||
| 948 | _c31/03/1998 | ||
| 999 |
_c53663 _d53663 |
||